Property development - present issues and what lies ahead (1985 : July :

Bibliographic Details
Format: Book
Published: Bangi : Perpustakaan INSPEN , 1985
Subjects:

MARC

LEADER 00000cam a2200000 7i4500
001 0000000813
005 20050426.0
040 |a INS 
090 0 0 |a RHD1387   |b N39 1985 
245 1 0 |a Property development - present issues and what lies ahead (1985 :   |b July :   |b 8th &9th :   |b The Regent,Kuala Lumpur)Seminar on Property development - Present issues and what lies ahead   |c HRM 
260 |a Bangi :   |b Perpustakaan INSPEN ,   |c 1985 
650 0 0 |a Management   |z Malaysia   |x Congress 
650 0 0 |a Real Property   |z Malaysia   |x Congress 
999 |a 0000001014   |b BOOK   |c Reference   |e Default branch